000 00353nam a2200145Ia 4500
003 OSt
005 20240213112910.0
008 170524s9999 xx 000 0 und d
020 _a9380712987
040 _cIIMT UNIVERSITY
100 _aGUPTA- T
245 2 _aA TEXTBOOK OF STRENGTH OF MATERIALS
260 _bNEW DELHI: VAYU EDUCATION
942 _2ddc
_c02
999 _c7580
_d7580